Which is Larger?- Sudden Death - Statistics

General Stats
  • This quiz has been taken 404 times
  • The average score is 3 of 25
Answers on the Grid
Answers color-coded by a green-red scale on the quiz's grid according to % correct below.
Population of India
Population of China
Size of Africa
Size of the former USSR
Population of France
Population of the UK
Military spending of the USA
Military spending of the next nine countries combined
English-speaking population of India
English-speaking population of the UK
GDP of China
GDP of Japan
GDP per capita of China
GDP per capita of Japan
Size of Greenland
Size of Australia
Size of Earth’s moon
Size of Mercury
Height of K2
Height of Mount Kilimanjaro
Muslim population of Tanzania
Muslim population of Saudi Arabia
Population of Iran
Population of Egypt
Size of Chile
Size of Venezuela
Elephant population of India
Elephant population of Botswana
Size of Tuvalu
Size of Monaco
Jewish population of Israel
Jewish population of the USA
Population of Georgia (country)
Population of Georgia (US state)
French-speaking population of France
French-speaking population of the DRC
Size of Mexico
Size of Saudi Arabia
Average height of Sudanese male
Average height of Dutch male
Population of Asia
Population of all other continents combined
Size of Antarctica
Size of Europe
Volume of the Sun
Volume of 1 million Earths
Black population of the USA
White population of South Africa
Burj Khalifa
One World Trade Center
 
Answer Stats
Answer % Correct
Population of India
95%
Size of Africa
56%
Population of the UK
26%
Military spending of the USA
24%
GDP of China
17%
GDP per capita of Japan
15%
English-speaking population of India
14%
Size of Australia
14%
Height of K2
10%
Size of Mercury
6%
Black population of the USA
4%
Burj Khalifa
4%
Population of Georgia (US state)
4%
Average height of Dutch male
3%
Elephant population of Botswana
3%
Muslim population of Saudi Arabia
3%
Population of Asia
3%
Size of Tuvalu
3%
Population of Egypt
2%
Size of Antarctica
2%
Size of Saudi Arabia
2%
Size of Venezuela
2%
Volume of the Sun
2%
Jewish population of Israel
1%
French-speaking population of France
0%
No matching quizzes found
Score Distribution
Percent of People with Each Score
Percentile by Number Answered
Your Score History
You have not taken this quiz